[Event "Vladivostok Eastern Economic Forum"]
[Site "Vladivostok"]
[Date "2024.09.04"]
[Round "11"]
[White "Zvjaginsev, Vadim"]
[Black "Gholami, Aryan"]
[Result "1/2-1/2"]
[WhiteElo "2540"]
[BlackElo "2449"]
[PlyCount "134"]
[EventDate "2024.09.03"]
[EventType "swiss (rapid)"]
[EventRounds "11"]
[EventCountry "RUS"]
[SourceTitle "EXT 2025"]
[Source "ChessBase"]
[SourceDate "2024.10.14"]
[SourceVersion "1"]
[SourceVersionDate "2024.10.14"]
[SourceQuality "1"]

1. e4 c5 2. Nf3 Nc6 3. Bb5 g6 4. 0-0 Bg7 5. d3 d6 6. Bxc6+ bxc6 7. Re1 e5 8. c3 Ne7 9. d4 exd4 10. cxd4 cxd4 11. Nxd4 0-0 12. Nc3 Re8 13. Bg5 Bb7 14. Qd2 Qc7 15. Rad1 d5 16. Bf4 Qb6 17. Na4 Qxd4 18. Qxd4 Bxd4 19. Rxd4 Nf5 20. Rdd1 dxe4 21. Nc5 Bc8 22. Nxe4 Kg7 23. Nc5 Rxe1+ 24. Rxe1 Kf8 25. Rd1 Ke7 26. g4 Ng7 27. f3 Ne6 28. Bd6+ Ke8 29. Ne4 f5 30. gxf5 gxf5 31. Nf6+ Kf7 32. Be5 h6 33. Bc3 c5 34. Nd7 Bxd7 35. Rxd7+ Kg6 36. Kf2 f4 37. Rd6 Kf7 38. Ra6 h5 39. h4 Nd4 40. Rh6 Re8 41. Rxh5 Re2+ 42. Kf1 Rh2 43. Rxc5 Nxf3 44. Rf5+ Ke6 45. Rxf4 Nxh4 46. Ra4 Nf5 47. Rxa7 Ng3+ 48. Ke1 Ne4 49. Kd1 Kd5 50. Ra4 Nxc3+ 51. bxc3 Kc5 52. Kc1 Kb5 53. Rb4+ Ka5 54. Kb1 Rg2 55. Rd4 Rh2 56. a3 Kb5 57. Kc1 Ra2 58. Rb4+ Ka5 59. Kb1 Rxa3 60. Kb2 Ra4 61. Rb8 Rh4 62. Kb3 Ka6 63. c4 Rh3+ 64. Kb4 Rh5 65. c5 Rh4+ 66. Kc3 Rh3+ 67. Kc4 Rh4+ 1/2-1/2

[Event "Vladivostok Eastern Economic Forum"]
[Site "Vladivostok"]
[Date "2024.09.04"]
[Round "9"]
[White "Zvjaginsev, Vadim"]
[Black "Harutjunyan, Gevorg"]
[Result "1/2-1/2"]
[WhiteElo "2540"]
[BlackElo "2350"]
[PlyCount "29"]
[EventDate "2024.09.03"]
[EventType "swiss (rapid)"]
[EventRounds "11"]
[EventCountry "RUS"]
[SourceTitle "EXT 2025"]
[Source "ChessBase"]
[SourceDate "2024.10.14"]
[SourceVersion "1"]
[SourceVersionDate "2024.10.14"]
[SourceQuality "1"]

1. Nf3 Nf6 2. g3 g6 3. Bg2 Bg7 4. 0-0 0-0 5. d4 d6 6. Re1 c6 7. e4 e5 8. dxe5 dxe5 9. Qxd8 Rxd8 10. Nxe5 Na6 11. Nd3 Be6 12. Nc3 Bc4 13. Ne5 Be6 14. Nd3 Bc4 15. Ne5 1/2-1/2

[Event "St Petersburg Rapid GP"]
[Site "St Petersburg"]
[Date "2024.08.25"]
[Round "6"]
[White "Babanin, Gleb"]
[Black "Zvjaginsev, Vadim"]
[Result "0-1"]
[WhiteElo "2144"]
[BlackElo "2542"]
[PlyCount "60"]
[EventDate "2024.08.24"]
[EventType "swiss (rapid)"]
[EventRounds "11"]
[EventCountry "RUS"]
[SourceTitle "CBM 221 Extra"]
[Source "ChessBase"]
[SourceDate "2024.09.30"]
[SourceVersion "1"]
[SourceVersionDate "2024.09.30"]
[SourceQuality "1"]

1. e4 e5 2. Nf3 Nc6 3. Bb5 Nf6 4. d3 d6 5. 0-0 a6 6. Bxc6+ bxc6 7. Re1 Bg4 8. h3 Bh5 9. Nbd2 Nd7 10. Nf1 Bxf3 11. Qxf3 g6 12. Be3 Bg7 13. Rad1 0-0 14. Ng3 a5 15. c3 Qb8 16. Qe2 Qb5 17. f4 Rab8 18. Rd2 exf4 19. Bxf4 c5 20. Nf1 Rbe8 21. Ne3 f5 22. Nd5 Qb7 23. Bg5 Rf7 24. c4 c6 25. Nc3 h6 26. Bf4 fxe4 27. Bxd6 e3 28. Qd1 Be5 29. Qg4 Kh7 30. Rxe3 Bd4 0-1

[Event "St Petersburg Rapid GP"]
[Site "St Petersburg"]
[Date "2024.08.25"]
[Round "11"]
[White "Zvjaginsev, Vadim"]
[Black "Yeletsky, Ivan"]
[Result "1/2-1/2"]
[WhiteElo "2542"]
[BlackElo "2469"]
[PlyCount "39"]
[EventDate "2024.08.24"]
[EventType "swiss (rapid)"]
[EventRounds "11"]
[EventCountry "RUS"]
[SourceTitle "CBM 221 Extra"]
[Source "ChessBase"]
[SourceDate "2024.09.30"]
[SourceVersion "1"]
[SourceVersionDate "2024.09.30"]
[SourceQuality "1"]

1. Nf3 d5 2. g3 g6 3. Bg2 Bg7 4. d4 Nf6 5. 0-0 0-0 6. c3 Nbd7 7. a4 c6 8. a5 Re8 9. Bf4 Nh5 10. Be3 e5 11. dxe5 Nxe5 12. Nxe5 Bxe5 13. Bd4 Qe7 14. e3 Bd6 15. b4 Ng7 16. Nd2 Nf5 17. Re1 Nxd4 18. exd4 Qxe1+ 19. Qxe1 Rxe1+ 20. Rxe1 1/2-1/2

[Event "St Petersburg Korchnoi Memorial op"]
[Site "St Petersburg"]
[Date "2024.08.21"]
[Round "8"]
[White "Zvjaginsev, Vadim"]
[Black "Vorobiov, Evgeny E"]
[Result "1-0"]
[WhiteElo "2542"]
[BlackElo "2400"]
[PlyCount "88"]
[EventDate "2024.08.17"]
[EventType "swiss"]
[EventRounds "9"]
[EventCountry "RUS"]
[SourceTitle "CBM 221 Extra"]
[Source "ChessBase"]
[SourceDate "2024.09.30"]
[SourceVersion "1"]
[SourceVersionDate "2024.09.30"]
[SourceQuality "1"]

1. e4 c5 2. Nf3 Nc6 3. Bb5 Nf6 4. Bxc6 dxc6 5. d3 Bg4 6. h3 Bh5 7. g4 Bg6 8. b3 Nd7 9. Bb2 Qc7 10. e5 e6 11. Qe2 Be7 12. Nbd2 a5 13. a4 b5 14. Ne4 c4 15. Nd6+ Bxd6 16. exd6 Qxd6 17. dxc4 0-0 18. 0-0 bxc4 19. Rad1 Qc7 20. Qxc4 Nf6 21. Ne5 Nd5 22. Rfe1 Rfe8 23. h4 f6 24. Nxg6 hxg6 25. Qe4 Kf7 26. h5 gxh5 27. gxh5 Nf4 28. h6 Nh3+ 29. Kf1 Ng5 30. Qg4 g6 31. f4 Nh7 32. f5 Ng5 33. Qd4 Qe7 34. fxe6+ Nxe6 35. Qh4 Rad8 36. Rxd8 Qxd8 37. Kg1 c5 38. Bxf6 g5 39. Bxd8 gxh4 40. Bxa5 Rg8+ 41. Kh2 Nd4 42. Rf1+ Ke6 43. Bc3 Rh8 44. Rf4 Kd5 1-0

[Event "St Petersburg Korchnoi Memorial op"]
[Site "St Petersburg"]
[Date "2024.08.20"]
[Round "6"]
[White "Efimov, Leonid"]
[Black "Zvjaginsev, Vadim"]
[Result "0-1"]
[WhiteElo "2116"]
[BlackElo "2542"]
[PlyCount "60"]
[EventDate "2024.08.17"]
[EventType "swiss"]
[EventRounds "9"]
[EventCountry "RUS"]
[SourceTitle "CBM 221 Extra"]
[Source "ChessBase"]
[SourceDate "2024.09.30"]
[SourceVersion "1"]
[SourceVersionDate "2024.09.30"]
[SourceQuality "1"]

1. d4 e6 2. c4 Bb4+ 3. Bd2 a5 4. g3 d5 5. Nf3 dxc4 6. Bg2 Nc6 7. e3 e5 8. Bxb4 axb4 9. d5 e4 10. dxc6 Qxd1+ 11. Kxd1 exf3 12. Bxf3 b5 13. Nd2 Nf6 14. Ke2 Be6 15. a3 bxa3 16. Rxa3 Rxa3 17. bxa3 Ke7 18. Nb1 Ra8 19. Rd1 Ra5 20. Nc3 Ne8 21. Rb1 Nd6 22. Kd2 Rxa3 23. Nxb5 Nxb5 24. Rxb5 c3+ 25. Kc2 Ra2+ 26. Kxc3 Rxf2 27. Be4 Rxh2 28. Rb1 Kd6 29. Kd4 Ra2 30. Rb5 Ra4+ 0-1

[Event "St Petersburg Korchnoi Memorial op"]
[Site "St Petersburg"]
[Date "2024.08.19"]
[Round "5"]
[White "Zvjaginsev, Vadim"]
[Black "Grigorieva, Yulia"]
[Result "1-0"]
[WhiteElo "2542"]
[BlackElo "2085"]
[PlyCount "89"]
[EventDate "2024.08.17"]
[EventType "swiss"]
[EventRounds "9"]
[EventCountry "RUS"]
[SourceTitle "EXT 2025"]
[Source "ChessBase"]
[SourceDate "2024.10.14"]
[SourceVersion "1"]
[SourceVersionDate "2024.10.14"]
[SourceQuality "1"]

1. e4 e5 2. Bc4 Nf6 3. d3 Nc6 4. Nc3 Bc5 5. h3 0-0 6. Nge2 Nd4 7. Bg5 c6 8. Bb3 Nxb3 9. axb3 d5 10. exd5 cxd5 11. 0-0 Be7 12. d4 e4 13. f3 exf3 14. Rxf3 h6 15. Bxf6 Bxf6 16. Nf4 Be6 17. Qd3 Qb6 18. Rd1 Rad8 19. Kh1 Bg5 20. Rdf1 a6 21. Rg3 Bxf4 22. Rxf4 Qd6 23. Rf6 Kh8 24. Qe3 Qxg3 25. Qxg3 gxf6 26. Qf4 Kg7 27. Ne2 h5 28. Qg3+ Kh6 29. Qe3+ Kg7 30. Qg3+ Kh6 31. Qh4 Bf5 32. Qxf6+ Bg6 33. Nf4 Rde8 34. Kh2 Kh7 35. c4 dxc4 36. bxc4 Rc8 37. d5 Rfd8 38. d6 Rd7 39. Qd4 Rc6 40. c5 a5 41. Nd5 Kh6 42. Qh8+ Kg5 43. Nf6 Rdxd6 44. cxd6 Rxd6 45. Ne4+ 1-0

[Event "St Petersburg Korchnoi Memorial op"]
[Site "St Petersburg"]
[Date "2024.08.18"]
[Round "4"]
[White "Borisovsky, Dmitry"]
[Black "Zvjaginsev, Vadim"]
[Result "1/2-1/2"]
[WhiteElo "2110"]
[BlackElo "2542"]
[PlyCount "137"]
[EventDate "2024.08.17"]
[EventType "swiss"]
[EventRounds "9"]
[EventCountry "RUS"]
[SourceTitle "CBM 221 Extra"]
[Source "ChessBase"]
[SourceDate "2024.09.30"]
[SourceVersion "1"]
[SourceVersionDate "2024.09.30"]
[SourceQuality "1"]

1. e4 e5 2. Nf3 Nc6 3. Bb5 a6 4. Ba4 Nf6 5. 0-0 d6 6. Re1 Bd7 7. c3 g6 8. d4 Bg7 9. Nbd2 0-0 10. Bb3 Re8 11. h3 h6 12. a3 a5 13. Bc2 a4 14. Nf1 b5 15. dxe5 dxe5 16. Be3 Na5 17. Qe2 Nc4 18. N3d2 Nxe3 19. Nxe3 Nh5 20. Rad1 Nf4 21. Qf3 c6 22. Ndf1 Qe7 23. Ng3 Rad8 24. Ne2 Ne6 25. Nc1 Qh4 26. Qg3 Qxg3 27. fxg3 h5 28. Kf2 Nc5 29. Na2 Bf8 30. Nb4 Rc8 31. g4 h4 32. Nf1 Be6 33. Nd2 f6 34. Nf3 g5 35. g3 hxg3+ 36. Kxg3 Re7 37. Rd2 Rg7 38. Nh2 Nb3 39. Bxb3 Bxb3 40. Nf1 Kf7 41. Ne3 Ke6 42. Ree2 Rd7 43. Rxd7 Kxd7 44. Rd2+ Kc7 45. Rf2 Be7 46. Nf5 Bf8 47. Ne3 Be7 48. Nf5 Bxb4 49. cxb4 Rd8 50. h4 Rd3+ 51. Rf3 Rxf3+ 52. Kxf3 gxh4 53. Nxh4 Bd1+ 54. Kg3 Kd7 55. Nf5 Bc2 56. Kf3 Ke6 57. Ne3 Bd3 58. Nd1 Kf7 59. Nf2 Bc2 60. Kg3 Kg6 61. Kh4 Kh6 62. Kg3 Kg7 63. Kh4 Kg6 64. Kg3 Bb3 65. Kh4 Bc4 66. Kg3 Bf1 67. Kh4 Kh6 68. Nd1 Kg6 69. Nf2 1/2-1/2

[Event "St Petersburg Korchnoi Memorial op"]
[Site "St Petersburg"]
[Date "2024.08.17"]
[Round "2"]
[White "Danilenko, Denis O"]
[Black "Zvjaginsev, Vadim"]
[Result "1/2-1/2"]
[WhiteElo "1992"]
[BlackElo "2542"]
[PlyCount "135"]
[EventDate "2024.08.17"]
[EventType "swiss"]
[EventRounds "9"]
[EventCountry "RUS"]
[SourceTitle "CBM 221 Extra"]
[Source "ChessBase"]
[SourceDate "2024.09.30"]
[SourceVersion "1"]
[SourceVersionDate "2024.09.30"]
[SourceQuality "1"]

1. Nf3 d6 2. d4 Nf6 3. c4 g6 4. g3 Bg7 5. Bg2 0-0 6. 0-0 Bf5 7. Nh4 Be4 8. f3 Bxb1 9. Rxb1 e6 10. f4 d5 11. c5 Ne4 12. Qd3 a5 13. e3 f5 14. Nf3 b6 15. cxb6 c5 16. dxc5 Nxc5 17. Qb5 Nbd7 18. b3 Qxb6 19. Qxb6 Nxb6 20. Bb2 Bxb2 21. Rxb2 Rfc8 22. Nd4 Kf7 23. Rd1 Nb7 24. Rdd2 Nd6 25. Rbc2 Ke7 26. Kf2 Nd7 27. Ke1 a4 28. Rxc8 Rxc8 29. Rc2 axb3 30. axb3 Ra8 31. Kd2 Ra1 32. Kc3 Ra6 33. Kd2 Rb6 34. Rc7 Nb5 35. Nxb5 Rxb5 36. Kc3 Kd6 37. Ra7 Rb6 38. Bf3 Rc6+ 39. Kd2 h5 40. Bd1 Nf6 41. Bf3 Nd7 42. Bd1 Nf6 43. Bf3 Ng4 44. h3 Nf2 45. Bg2 Rc8 46. Rg7 Ra8 47. Bf3 Nxh3 48. Rxg6 Nf2 49. Bxh5 Ne4+ 50. Ke1 Ra1+ 51. Ke2 Rb1 52. g4 Rb2+ 53. Ke1 Ng3 54. Kd1 Rxb3 55. Kd2 Rb2+ 56. Kc3 Rh2 57. Rg8 Ne4+ 58. Kb4 Nf6 59. Rg6 Nxg4 60. Bxg4 fxg4 61. f5 Ke5 62. fxe6 Kf5 63. Rg8 Kxe6 64. Rxg4 Rc2 65. Rd4 Ke5 66. Kb3 Rc1 67. Kb2 Re1 68. Rd3 1/2-1/2

[Event "St Petersburg Korchnoi Memorial op"]
[Site "St Petersburg"]
[Date "2024.08.17"]
[Round "1"]
[White "Zvjaginsev, Vadim"]
[Black "Darmaeva, Nomina"]
[Result "1-0"]
[WhiteElo "2542"]
[BlackElo "1839"]
[PlyCount "93"]
[EventDate "2024.08.17"]
[EventType "swiss"]
[EventRounds "9"]
[EventCountry "RUS"]
[SourceTitle "CBM 221 Extra"]
[Source "ChessBase"]
[SourceDate "2024.09.30"]
[SourceVersion "1"]
[SourceVersionDate "2024.09.30"]
[SourceQuality "1"]

1. Nf3 d5 2. g3 Nd7 3. d4 Nb6 4. Nbd2 Nf6 5. Bg2 Bf5 6. Nh4 Bg4 7. h3 Bh5 8. g4 Bg6 9. Nxg6 hxg6 10. e4 e6 11. e5 Nfd7 12. a4 a5 13. Bf1 c5 14. c3 cxd4 15. cxd4 Bb4 16. Bb5 Rc8 17. Kf1 Kf8 18. Nf3 Qc7 19. Bd3 Nb8 20. Kg2 Nc6 21. Qe2 Qd7 22. Be3 Na7 23. b3 Nc6 24. Rhc1 Kg8 25. Rc2 Qd8 26. Bb5 Nd7 27. Rh1 Be7 28. Bd2 Ndb8 29. Be3 Nd7 30. Qd2 Qb6 31. h4 Ra8 32. Qc1 Rc8 33. Rh3 Ndb8 34. h5 gxh5 35. gxh5 Qd8 36. Bd3 Bf8 37. h6 g6 38. h7+ Rxh7 39. Rxh7 Kxh7 40. Qh1+ Kg8 41. Ng5 Bg7 42. Qh7+ Kf8 43. Nxf7 Qd7 44. Bxg6 Nd8 45. Bh6 Bxh6 46. Qxh6+ Kg8 47. Qh8# 1-0

[Event "Moscow op-A 20th"]
[Site "Moscow"]
[Date "2024.07.20"]
[Round "8"]
[White "Korchmar, Vasiliy"]
[Black "Zvjaginsev, Vadim"]
[Result "1/2-1/2"]
[WhiteElo "2431"]
[BlackElo "2559"]
[PlyCount "25"]
[EventDate "2024.07.16"]
[EventType "swiss"]
[EventRounds "9"]
[EventCountry "RUS"]
[SourceTitle "CBM 221 Extra"]
[Source "ChessBase"]
[SourceDate "2024.09.30"]
[SourceVersion "1"]
[SourceVersionDate "2024.09.30"]
[SourceQuality "1"]

1. d4 d5 2. c4 e6 3. Nc3 Be7 4. cxd5 exd5 5. Bf4 Nf6 6. e3 0-0 7. Bd3 c5 8. Nge2 Nc6 9. dxc5 Bxc5 10. 0-0 d4 11. exd4 Nxd4 12. Nxd4 Qxd4 13. Be3 1/2-1/2

[Event "Moscow op-A 20th"]
[Site "Moscow"]
[Date "2024.07.19"]
[Round "6"]
[White "Galaktionov, Artem"]
[Black "Zvjaginsev, Vadim"]
[Result "1/2-1/2"]
[WhiteElo "2358"]
[BlackElo "2559"]
[PlyCount "94"]
[EventDate "2024.07.16"]
[EventType "swiss"]
[EventRounds "9"]
[EventCountry "RUS"]
[SourceTitle "CBM 221 Extra"]
[Source "ChessBase"]
[SourceDate "2024.09.30"]
[SourceVersion "1"]
[SourceVersionDate "2024.09.30"]
[SourceQuality "1"]

1. d4 Nf6 2. c4 e6 3. Nf3 d5 4. Nc3 c6 5. e3 Nbd7 6. Qc2 Bd6 7. b3 0-0 8. Be2 b6 9. 0-0 Bb7 10. Bb2 Re8 11. Rfe1 Qc7 12. Rac1 a6 13. h3 Rac8 14. Qb1 dxc4 15. bxc4 c5 16. Red1 cxd4 17. exd4 Bf4 18. Rc2 b5 19. cxb5 Be4 20. Bd3 Bxd3 21. Rxd3 axb5 22. Ba3 Qa5 23. Ne2 Nd5 24. Nxf4 Nxf4 25. Rb3 Qa6 26. Ng5 Nf6 27. Bc5 h6 28. Nf3 N6d5 29. Qf1 Qa8 30. Rxb5 Rb8 31. Bd6 Rbd8 32. Be5 Qa4 33. Qb1 Ne2+ 34. Rxe2 Nc3 35. Rb4 Nxe2+ 36. Kh2 Nc3 37. Qb2 Qc6 38. d5 Nxd5 39. Rg4 f6 40. Bxf6 Nxf6 41. Qxf6 Qc7+ 42. Ne5 Rd1 43. f4 Qa7 44. Qxh6 Qg1+ 45. Kg3 Qe1+ 46. Kh2 Qg1+ 47. Kg3 Qe1+ 1/2-1/2